[Event "EU Union-ch U10"]
[Site "Kouty nad Desnou"]
[Date "2014.09.02"]
[Round "7"]
[White "Dumitrescu, Matei Pavel"]
[Black "Pedoson, Georg Aleksander"]
[Result "1/2-1/2"]
[WhiteElo "1692"]
[BlackElo "1657"]
[PlyCount "72"]
[EventDate "2014.08.27"]
[EventType "swiss"]
[EventRounds "9"]
[EventCountry "CZE"]
[SourceTitle "CBM 162 Extra"]
[Source "ChessBase"]
[SourceDate "2014.10.17"]
[SourceVersion "1"]
[SourceVersionDate "2014.10.17"]
[SourceQuality "1"]

1. d4 Nf6 2. Nf3 e6 3. e3 b6 4. Bd3 Bb7 5. Nbd2 d6 6. 0-0 Nbd7 7. b3 Be7 8. Bb2 0-0 9. e4 c5 10. c4 cxd4 11. Nxd4 Nc5 12. Qe2 Nfd7 13. f4 Bf6 14. Rab1 Nxd3 15. Qxd3 Nc5 16. Qe2 a6 17. Rf3 Nd7 18. Rg3 b5 19. Kh1 Qb6 20. N4f3 e5 21. f5 h6 22. Rh3 Rfc8 23. g4 Kf8 24. Rg3 Bg5 25. Nxg5 hxg5 26. Rgg1 f6 27. Rgc1 b4 28. Nf1 Nc5 29. Ng3 Ke7 30. Re1 Bc6 31. Rbd1 Qb7 32. Kg2 Rh8 33. Kf3 a5 34. Qd2 Rhd8 35. Re3 a4 36. Rh1 Rh8 1/2-1/2

[Event "EU Union-ch U10"]
[Site "Kouty nad Desnou"]
[Date "2014.08.30"]
[Round "4"]
[White "Brnusak, Tomas"]
[Black "Dumitrescu, Matei Pavel"]
[Result "0-1"]
[WhiteElo "1406"]
[BlackElo "1692"]
[PlyCount "84"]
[EventDate "2014.08.27"]
[EventType "swiss"]
[EventRounds "9"]
[EventCountry "CZE"]
[SourceTitle "CBM 162 Extra"]
[Source "ChessBase"]
[SourceDate "2014.10.17"]
[SourceVersion "1"]
[SourceVersionDate "2014.10.17"]
[SourceQuality "1"]

1. e4 c5 2. Nf3 e6 3. d4 cxd4 4. Nxd4 Nf6 5. Nc3 d6 6. Be3 a6 7. Be2 Be7 8. 0-0 b5 9. a3 Bb7 10. f3 Nbd7 11. Nb3 0-0 12. Kh1 Rc8 13. Bd3 Ne5 14. Re1 Nc4 15. Bxc4 Rxc4 16. Qe2 Rc8 17. Qf2 Nd7 18. Rad1 Ne5 19. Bb6 Qe8 20. Na5 Ba8 21. f4 Nc4 22. Nxc4 Rxc4 23. Rd4 Rxd4 24. Bxd4 Qd8 25. Qg3 e5 26. fxe5 Bh4 27. Qe3 Bxe1 28. Qxe1 dxe5 29. Bxe5 Qg5 30. Bd4 f5 31. Nd5 fxe4 32. Nc7 Bd5 33. Nxd5 Qxd5 34. c3 Qf5 35. Kg1 Re8 36. Qe3 Qg4 37. h3 Qd1+ 38. Kf2 Rf8+ 39. Kg3 Qd3 40. Kg4 g6 41. g3 Qd1+ 42. Kh4 Qh5# 0-1

[Event "EU Union-ch U10"]
[Site "Kouty nad Desnou"]
[Date "2014.08.28"]
[Round "2"]
[White "Tomasi, Elise"]
[Black "Dumitrescu, Matei Pavel"]
[Result "0-1"]
[WhiteElo "1532"]
[BlackElo "1692"]
[PlyCount "84"]
[EventDate "2014.08.27"]
[EventType "swiss"]
[EventRounds "9"]
[EventCountry "CZE"]
[SourceTitle "CBM 162 Extra"]
[Source "ChessBase"]
[SourceDate "2014.10.17"]
[SourceVersion "1"]
[SourceVersionDate "2014.10.17"]
[SourceQuality "1"]

1. e4 c5 2. Nf3 e6 3. b3 d6 4. Bb2 Nf6 5. Nc3 Be7 6. Be2 a6 7. a4 Nbd7 8. 0-0 b6 9. d4 cxd4 10. Nxd4 Bb7 11. Bf3 0-0 12. Re1 Qc7 13. Qd2 Ne5 14. Rad1 Rfd8 15. Qe2 Rac8 16. Rd2 d5 17. exd5 Nxf3+ 18. Nxf3 Nxd5 19. Nxd5 Rxd5 20. Rxd5 Bxd5 21. c4 Bxf3 22. Qxf3 Rd8 23. Qg4 Bf8 24. Rd1 Qf4 25. Qe2 Qe4 26. Qf1 Rxd1 27. Qxd1 h6 28. g3 Bc5 29. Qd8+ Kh7 30. Qd2 a5 31. Qc3 f6 32. Qd2 e5 33. Qd1 f5 34. Qd2 f4 35. gxf4 exf4 36. Qc3 Qg6+ 37. Kf1 f3 38. Ke1 Qg1+ 39. Kd2 Qxf2+ 40. Kc1 Qg1+ 41. Kc2 f2 42. Qd3+ Qg6 0-1

[Event "ROM-ch U10"]
[Site "Calimanesti"]
[Date "2013.04.02"]
[Round "1"]
[White "Berechet, Stefan Mario"]
[Black "Dumitrescu, Matei Pavel"]
[Result "1/2-1/2"]
[WhiteElo "1285"]
[BlackElo "1573"]
[PlyCount "111"]
[EventDate "2013.04.02"]
[EventType "swiss"]
[EventRounds "9"]
[EventCountry "ROU"]
[SourceTitle "CBM 153 Extra"]
[Source "ChessBase"]
[SourceDate "2013.04.22"]
[SourceVersion "1"]
[SourceVersionDate "2013.04.22"]
[SourceQuality "1"]

1. e4 c5 2. c3 e6 3. d4 cxd4 4. cxd4 Nf6 5. Bg5 Qa5+ 6. Bd2 Qb6 7. e5 Nd5 8. Bc3 Bb4 9. Bxb4 Qxb4+ 10. Qd2 Nc6 11. Nf3 a6 12. a3 Qxd2+ 13. Nbxd2 b5 14. Bd3 Nf4 15. Bf1 Bb7 16. g3 Ng6 17. Bg2 Nxd4 18. 0-0 Nxf3+ 19. Bxf3 Bxf3 20. Nxf3 Ke7 21. Rac1 Rac8 22. Rfd1 Rhd8 23. b4 f6 24. exf6+ gxf6 25. Kg2 d5 26. Nd4 Kf7 27. Nc6 Re8 28. Rc2 Ne7 29. Rdc1 Nxc6 30. Rxc6 Rxc6 31. Rxc6 Ra8 32. f4 a5 33. Rc7+ Kg6 34. Rb7 axb4 35. axb4 Ra2+ 36. Kh3 d4 37. Rxb5 d3 38. Rb6 Kf5 39. Rd6 d2 40. b5 Ke4 41. b6 Ke3 42. b7 Rb2 43. Rxe6+ Kf2 44. Rd6 Ke1 45. Re6+ Kd1 46. Re7 Kc2 47. Rc7+ Kd3 48. Rd7+ Kc2 49. Rc7+ Kd1 50. Rxh7 Rb6 51. Kg2 Kc1 52. Rc7+ Kb1 53. Rd7 Kc1 54. Rc7+ Kd1 55. h4 Ke2 56. Re7+ 1/2-1/2